Miasta nad Morzem Bałtyckim według podpowiedzi - Statystyki

Ogólne statystyki
  • Ten quiz został rozwiązany 40 razy
  • Średni wynik to 9 z 15
Statystyki odpowiedzi
Podpowiedź Miasto % Poprawnych
Jest połączone mostem z Kopenhagą Malmo
97%
Było przemianowane przez Niemców na Danzig Gdańsk
94%
Leży na tej samej zatoce co Tallin Helsinki
85%
Został zbudowany na 14 wyspach, połączonych 57 mostami, zyskując przydomek „Piękno na wodzie” Sztokholm
76%
To miasto słynie przede wszystkim z architektury secesyjnej. W mieście znajduje się około 700 budynków w tym stylu Ryga
74%
4 największe miasto w Europie Petersburg
71%
Największą dzielnicą tego miasta jest Chylonia, zamieszkuje ją prawie 27 tysięcy osób Gdynia
65%
Jest stolicą obwodu Rosji graniczącym z Polską i Litwą Królewiec
65%
Jest 59. najbardziej zaludnionym miastem w Unii Europejskiej Tallin
62%
Zostało założone w 1167 roku przez biskupa Roskilde Absalona Kopenhaga
50%
Jest najstarszym miastem w Finlandii Turku
41%
To miasto świętuje Dni Morza Kłajpeda
38%
Jest ważnym portem Zatoki Botnickiej Oulu
24%
Ma połączenie kolejowe i drogowe z największą wyspą Niemiec - Rugią Stralsund
12%
Przez ponad 400 lat znajdował się pod panowaniem Królestwa Danii i znany był jako „miasto rumu” Flensburg
3%
Nie znaleziono quizów pasujących do podanych kryteriów
Rozkład punktacji
Procent ludzi z każdym wynikiem
Percentyl według liczby udzielonych odpowiedzi
Twoja historia wyników
Nie rozwiązałeś tego quizu